|
|
|
|
| LEADER |
00000cam a2200000 7i4500 |
| 001 |
0000037617 |
| 005 |
20131008.0 |
| 008 |
131008 |
| 020 |
|
|
|a 1860191150
|
| 090 |
0 |
0 |
|a 745.67
|b GIL
|
| 100 |
1 |
|
|a Gill, D. M
|
| 245 |
1 |
4 |
|a The life, times and work of the world's greatest artists :
|b illuminated manuscripts
|c D. M. Gill
|
| 260 |
|
|
|a London :
|b Brockhampton Press ,
|c 1996
|
| 440 |
|
|
|a Discovering art
|
| 650 |
|
0 |
|a Art, Medieval
|
| 650 |
|
0 |
|a Illumination of books and manuscripts
|
| 650 |
|
0 |
|a Illustration of books
|
| 999 |
|
|
|a 0000820385
|b Book
|c REFERENCE
|e Cawangan Segamat
|
| 999 |
|
|
|a 0000820386
|b Book
|c REFERENCE
|e Cawangan Segamat
|
| 999 |
|
|
|a 0000820387
|b Book
|c REFERENCE
|e Cawangan Segamat
|
| 999 |
|
|
|a 0000821690
|b Book
|c Adult Collection
|e Cawangan Tmn. Ungku Tun Aminah
|